000 00722nam a2200265Ia 4500
005 20260121165302.0
008 008 260114s9999 xx 000 0 eng d
020 _a9783319563701
037 _aEBOOK
040 _aCRL
040 _beng
040 _cCRL
041 _2eng
041 _aeng
084 _qCRL
100 _aAnna Di Bartolomeo, Sona Kalantaryan, Justyna Salamo?ska, Philippe Fargues
_91049806
245 0 _aMigrant Integration between Homeland and Host Society Volume 2
260 _bSpringer
260 _bSpringer
260 _c2017
856 _uhttps://link.springer.com/openurl?genre=book&isbn=978-3-319-56370-1
942 _cEBOOK
999 _c1615531
_d1615531